| 000 | 00969nam a2200253 a 4500 | ||
|---|---|---|---|
| 001 | 000046572 | ||
| 005 | 20251117093451.0 | ||
| 008 | 140609s2008 dr 000 0 spa d | ||
| 020 | _a9789945131406 | ||
| 040 |
_aDO-SdBNP _bspa _cBNPHU |
||
| 082 |
_a330.973 _bS474d, 2008 |
||
| 100 | 1 |
_aSención, César Augusto _972206 |
|
| 245 | 1 | 0 |
_aDeclive de la hegemonía de Estados Unidos / _cCésar Augusto Sención ; prólogo Lorena Peña Mendoza. |
| 260 |
_aSanto Domingo : _bMediabyte, _c2008. |
||
| 300 |
_a117 p. : _bil., mapas ; _c22 cm. |
||
| 504 | _aIncluye referencias bibliográficas y notas al pie de las páginas | ||
| 590 | _aInventariado, 2018/VM | ||
| 650 | 0 |
_aLibre comercio _98570 |
|
| 651 | 4 |
_aEstados Unidos _xCondiciones Económicas _916082 |
|
| 651 | 4 |
_aEstados Unidos _xPolítica Económica _916083 |
|
| 651 | 4 |
_aAmérica _xIntegración Económica _972208 |
|
| 700 | 1 |
_aPeña Mendoza, Lorena, _epról. _972209 |
|
| 910 | _aValidado. Control de calidad MFF | ||
| 999 |
_c46061 _d46061 |
||